000
00148nam a22000857a 4500
082
_a
823
100
_a
JIJI JAMES
245
_a
SOLAR SYSTEM
942
_c
BK
999
_c
8455
_d
8455